|
|
|
|
| LEADER |
00000nab a2200000 a 4500 |
| 001 |
vtls008961828 |
| 003 |
SK-MaSNL |
| 005 |
20260303070711.0 |
| 008 |
070212 1977 xo 000 0 slo |
| 015 |
|
|
|a SNBRB1977
|
| 040 |
|
|
|a SNKBUCL
|b slo
|c SNKBUCL
|e AACR2
|
| 041 |
0 |
|
|a slo
|
| 044 |
|
|
|a xo
|c SK
|
| 080 |
|
|
|a 791.43.079
|x (437)
|x "1977"
|2 2001
|
| 245 |
0 |
0 |
|a Zima 1977
|b filmový festival pracujúcich
|c (ek)
|
| 300 |
|
|
|a Obr.
|
| 611 |
2 |
7 |
|a Filmový festival pracujúcich
|d (1977 :
|c Česko-Slovensko)
|2 snkbucl
|9 1068463
|
| 650 |
0 |
7 |
|a filmové festivaly a prehliadky
|2 snkbucl
|9 3405
|
| 773 |
0 |
|
|t Práca
|g 15.1.1977, s. 6
|
| 999 |
|
|
|c 1756563
|d 1758493
|